Ciudad y ciudadanía : (Record no. 184488)

MARC details
000 -CABECERA
campo de control de longitud fija 00766nam a2200229 a 4500
005 - FECHA Y HORA DE LA ÚLTIMA TRANSACCIÓN
campo de control 20220603152213.0
008 - ELEMENTOS DE LONGITUD FIJA--INFORMACIÓN GENERAL
campo de control de longitud fija 160817s2015 mx r 000 0 spa d
020 ## - NÚMERO INTERNACIONAL NORMALIZADO PARA LIBROS
Número Internacional Estándar del Libro 9786074019315
035 ## - NÚMERO DE CONTROL DEL SISTEMA
Número de control de sistema UPN01000212388
049 ## - COLECCIÓN
Colección CG
050 #4 - SIGNATURA TOPOGRÁFICA DE LA BIBLIOTECA DEL CONGRESO
Número de clasificación JL1283
Número de documento/Ítem C5.8
245 00 - MENCIÓN DE TÍTULO
Título Ciudad y ciudadanía :
Resto del título hacia una resignificación desde el contexto mexicano /
Mención de responsabilidad, etc. coord. Jorge Olvera García.
260 ## - PUBLICACIÓN, DISTRIBUCIÓN, ETC.
Lugar de publicación, distribución, etc. México :
Nombre del editor, distribuidor, etc. UAEM :
-- Porrúa,
Fecha de publicación, distribución, etc. 2015.
300 ## - DESCRIPCIÓN FÍSICA
Extensión 271 p. :
Otras características físicas cuadros, gráfs.
440 #4 - MENCIÓN DE SERIE/ASIENTO SECUNDARIO--TÍTULO
Título Las ciencias sociales.
Nombre de parte o sección de la obra Sociología
650 #4 - ASIENTO SECUNDARIO DE MATERIA - TERMINO TEMATICO
Término de materia o nombre geográfico como elemento de entrada Ciudadanía
Subdivisión geográfica México
9 (RLIN) 9106
650 #4 - ASIENTO SECUNDARIO DE MATERIA - TERMINO TEMATICO
Término de materia o nombre geográfico como elemento de entrada SOCIOLOGIA URBANA -
Subdivisión geográfica MEXICO
9 (RLIN) 21903
650 #4 - ASIENTO SECUNDARIO DE MATERIA - TERMINO TEMATICO
Término de materia o nombre geográfico como elemento de entrada URBANIZACION -
Subdivisión geográfica MEXICO
9 (RLIN) 17389
700 1# - ASIENTO SECUNDARIO--NOMBRE DE PERSONAL
Nombre de persona Olvera García, Jorge,
Fechas asociadas al nombre 1962-
Término indicativo de función/relación coord.
9 (RLIN) 39136
905 ## - TIPO DE MATERIAL
Tipo de material Libro
Holdings
Estado de retiro Estado de pérdida Fuente del sistema de clasificación o colocación Estado dañado No para préstamo Código de colección Localización permanente Ubicación/localización actual Ubicación en estantería Total de préstamos Clasificación Código de barras Fecha visto por última vez Número de copia Tipo de ítem Koha
    Library of Congress Classification     Colección General Bib. Gregorio Torres Quintero Bib. Gregorio Torres Quintero Planta baja 5 JL1283 C5.8 312787 31/12/2020 1 Libro
    Library of Congress Classification     Colección General Bib. Gregorio Torres Quintero Bib. Gregorio Torres Quintero Planta baja   JL1283 C5.8 312788 31/12/2020 1 Libro